Quizzes
Events
Quiz Creation
Community
Videos
Private Events
Remove Ads
Sign In
Join for FREE
Feedback
Dark Mode
Quiz Categories
Sports
Geography
Music
Movies
Television
Just For Fun
Miscellaneous
History
Literature
Language
Science
Gaming
Entertainment
Religion
Holiday
For Kids
Quiz Lab
Recent
Popular Today
Quiz Kudos Today
Editor Picks
Curator Picks
Quizzes by...
Day
Popularity
Type
Ratings
Length
Year
Community
Subscriptions
Recent Discussions
Orange Saloon
Badges
Playlists
Quests
Create
Leaderboards
Showdown
Live 5
Trivia Bingo
Activity
Puzzle Library
Sporcle Events
Private Events
Virtual Trivia
Globe League
Become a Host
Pub Owners
SporcleCon
Opinionation
Our Games
Videos
Blog
Mobile Apps
Partnerships
Remove Ads and Go Orange
Feedback
Sports
Athletes
MLB
NBA
NHL
NFL
Soccer
Sports Teams
WWE
NCAA
Football
Premier League
Basketball
Baseball
Hockey
Golf
Tennis
Cricket
Rugby
Auto Racing
Olympics
World Cup
Sports
Athletes
MLB
NBA
NHL
NFL
Soccer
Sports Teams
WWE
NCAA
Football
Premier League
Basketball
Baseball
Hockey
Golf
Tennis
Cricket
Rugby
Auto Racing
Olympics
World Cup
Random Quiz
Search Sporcle
×
Quiz Lab
Quiz Lab
Sports
Player
Type in answers that appear in a list
Type in answers that appear in a list
Classic
Best Score? Go Orange.
Playoff Team Home Run Leaders (2000s) Stats
Can you name the players to lead their playoff team in home runs since 2000?
By
RollTribeAC
8m
96 Questions
261 Plays
261 Plays
261 Plays
Comments
Comments
Give Quiz Kudos
Give Quiz Kudos
-
- Ratings
hide this ad
Replay
Link that replays current quiz
Next Quiz
Link to next quiz in quiz playlist
You Got
0%
They Got
Avg Score
86%
Avg Friend Score
Upgrade to see
Score Distribution
Jump to the score distribution portion of the page
Score
0/96
Timer
08:00
0
Plays Today
Year
Player
% Correct
2004
Alex Rodriguez & Gary Sheffield
99.6%
2000
Alex Rodriguez
99.2%
2005
Alex Rodriguez
99.2%
2007
Alex Rodriguez
99.2%
2001
Albert Pujols
98.9%
2002
Albert Pujols
98.9%
2004
Albert Pujols
98.9%
2005
Albert Pujols
98.9%
2006
Albert Pujols
98.9%
2009
Albert Pujols
98.9%
2011
Albert Pujols
98.9%
2000
Andruw Jones & Chipper Jones
98.5%
2001
Chipper Jones
98.5%
2002
Andruw Jones
98.5%
2005
Andruw Jones
98.5%
2007
Ryan Howard
98.1%
2008
Ryan Howard
98.1%
2009
Ryan Howard
98.1%
2010
Ryan Howard
98.1%
2011
Ryan Howard
98.1%
2000
Jason Giambi
97.7%
2001
Jason Giambi
97.7%
2002
Jason Giambi
97.7%
2003
Jason Giambi
97.7%
2006
Jason Giambi
97.7%
2011
Miguel Cabrera
97.7%
2005
David Ortiz
97.3%
2007
David Ortiz
97.3%
2000
Barry Bonds
96.9%
2002
Barry Bonds
96.9%
2003
Manny Ramirez
96.9%
2003
Barry Bonds
96.9%
Year
Player
% Correct
2004
Manny Ramirez
96.9%
2001
Jeff Bagwell
95.4%
2011
Prince Fielder
95.4%
2001
Luis Gonzalez
95%
2002
Luis Gonzalez
95%
2006
Justin Morneau
95%
2006
Adrian Gonzalez
95%
2010
Josh Hamilton
94.6%
2011
Evan Longoria
94.6%
2000
Frank Thomas
94.3%
2006
Frank Thomas
94.3%
2008
Carlos Pena
93.5%
2009
Mark Teixeira
93.5%
2010
Carlos Pena
93.5%
2010
Mark Teixeira
93.5%
2011
Adrian Beltre & Ian Kinsler
93.5%
2005
Paul Konerko
92%
2004
Lance Berkman
91.2%
2001
Jim Thome
90.4%
2010
Jim Thome
90.4%
2010
Joey Votto
90.4%
2004
Adrian Beltre
90%
2008
Ryan Braun
89.7%
2002
Eric Chavez & Miguel Tejada
88.9%
2003
Sammy Sosa
88.9%
2007
Victor Martinez
88.1%
2001
Tino Martinez
87.7%
2006
Carlos Beltran
87.7%
2004
Vladimir Guerrero
87.4%
2005
Vladimir Guerrero
87.4%
2007
Vladimir Guerrero
87.4%
2008
Vladimir Guerrero
87.4%
Year
Player
% Correct
2000
Bernie Williams
87%
2011
Curtis Granderson
86.6%
2000
Mike Piazza
85.8%
2003
Torii Hunter
84.3%
2000
Jim Edmonds
83.9%
2007
Alfonso Soriano
83.9%
2008
Alfonso Soriano
83.9%
2011
Justin Upton
83.9%
2002
Troy Glaus
81.6%
2003
Eric Chavez
81.2%
2009
Troy Tulowitzki
78.5%
2008
Andre Ethier
77.4%
2009
Andre Ethier
77.4%
2010
Brian McCann
76.6%
2008
Kevin Youkilis
74.7%
2007
Matt Holliday
73.9%
2001
Bret Boone
73.6%
2003
Mike Lowell
72.4%
2003
Javy Lopez
71.3%
2007
Chris Young
67.4%
2010
Aubrey Huff
66.7%
2009
Michael Cuddyer
63.2%
2006
JD Drew & Nomar Garciaparra
62.8%
2004
JD Drew
60.5%
2009
Kendrys Morales
59.4%
2009
Jason Bay
57.9%
2008
Carlos Quentin
56.7%
2005
Morgan Ensberg
52.1%
2002
Torii Hunter
51.3%
2005
Ryan Klesko
43.3%
2004
Corey Koskie
24.9%
2006
Craig Monroe
22.6%
Quiz Playlist
Details
Report
Send in Message
Add To Playlist
Classic:
Type in answers that appear in a list
Last Updated: Feb 16, 2017
Quiz Scoreboard
CHALLENGE
Sign Up to Join the Scoreboard
Show All
Scores
Hide
Comments
May contain spoilers
Recently Published
TV Characters by Other Roles V
by ghcgh
Television
5m
Decade Duel: World Leaders
by jenniferyan
History
4m
Alphabetical 'K' Countries by Flag Minefield
by ylime102
Geography
3m
More to Explore
Quiz From the Vault
Featured Blog Post
15 Basketball Trivia Facts You Can Be March Mad About
hide this ad
You Might Also Like...
Tags
2000
home
lead
Player
Playoff
run
team
Today's Top Quizzes in Sports
Browse Sports
hide this ad
Today's Top Quizzes in Player
Browse Player
Top Contributed Quizzes in Sports
1
Les joueurs à 100 buts en Ligue 1 Uber Eats
2
2022 World Cup Stars
3
Pick 6: NFL Teams
4
MLB 2 truths and a lie: Hall of Fame pitchers
5
Pick 6: Minor League Baseball
6
Millionaire: NBA Finals Edition
7
Pick 6: Olympics
8
50+ Goals in European Competition
9
Click the 1998 NBA Draft
10
Iconic Moments in Football - Multiple Choice
Explore More
Trending Topics
Crossword
Kpop
Disney
NBA
Harry Potter
Anime
Marvel
Pokémon
Country
Soccer
Puzzle
The Office
WWE
NFL
Song
hide this ad
More By:
RollTribeAC
Quiz
Plays
Rating
Category
Featured
Created
Last 16 Sweet 16s
112,415
4.58
Sports
Mar 24, 2014
.333 Batting Average, 33 Homers
55,520
4.70
Sports
May 28, 2014
MLB HR Leaders Containing Each Letter
48,271
4.66
Sports
Aug 8, 2012
1000 Win MLB Teams Since 2000
42,398
3.00
Sports
Apr 23, 2012
BCS Bowl Logic Quiz
10,470
3.52
Sports
Jan 4, 2013
Go to Creator's Profile
Score Distribution
Quiz Creator Spotlight
RollTribeAC
Follow
Send a Message
Quizzes Created
-
Created Quiz Play Count
-
More By This Creator
Popular Quizzes Today
1
Countries of Asia Without Outlines Minefield
2
Find the US States - No Outlines Minefield
3
Pick 6: Fruits
4
The Countries of the World
5
Find the Countries of Europe - No Outlines Minefield
6
Alphabetical 'K' Countries by Flag Minefield
7
US States
8
Find the US States
More Sports Quizzes
Find the Maserati Racing Cars
Quiz Lab
Trending Quizzes
Pick 6: Mountains
Pick 6: Harry Potter
Pick 6: NFL Teams
Pick 6: Flags
C Names for Actors
Recently Updated
Adaptations: Name the Title
pecheneg
NWSL Teams
pecheneg
Women's Final Four Teams by Year
bhenderson79
Presidents Quartet II
eogle
Anything But Clue(do)
eogle
Anything But Oceanian Capitals
eogle
Anything But 7
eogle
Anything But Thing
eogle
Word Ladder: February 29
pecheneg
Song Title Questions
pecheneg
Trending Topics
Anime
Kpop
Crossword
NBA
Disney
Marvel
Harry Potter
Puzzle
The Office
NFL
Soccer
Song
Pokémon
WWE
Country
Your Account Isn't Verified!
In order to create a playlist on Sporcle, you need to verify the email address you used during registration. Go to your
Sporcle Settings
to finish the process.
Report this User
Report this user for behavior that violates our
Community Guidelines
.
Details:
Send Report
Go to the Sporcle.com Mobile Site →
Comments